Autonomía moral, participación democrática y cuidado del otro : (Record no. 91646)

MARC details
000 -CABECERA
campo de control de longitud fija 00801nam a2200229 a 4500
005 - FECHA Y HORA DE LA ÚLTIMA TRANSACCIÓN
campo de control 20240612064103.0
008 - ELEMENTOS DE LONGITUD FIJA--INFORMACIÓN GENERAL
campo de control de longitud fija 020918s1999 ag r 000 0 spa d
020 ## - NÚMERO INTERNACIONAL NORMALIZADO PARA LIBROS
Número Internacional Estándar del Libro 9879191811
035 ## - NÚMERO DE CONTROL DEL SISTEMA
Número de control de sistema UPN01000119291
049 ## - COLECCIÓN
Colección CG
050 #4 - SIGNATURA TOPOGRÁFICA DE LA BIBLIOTECA DEL CONGRESO
Número de clasificación LB1085
Número de documento/Ítem C8.2 1999
100 1# - ASIENTO PRINCIPAL--NOMBRE PERSONAL
Nombre de persona Cullen, Carlos A.,
Fechas asociadas al nombre 1943-
9 (RLIN) 42672
245 10 - MENCIÓN DE TÍTULO
Título Autonomía moral, participación democrática y cuidado del otro :
Resto del título bases para un curriculum de formación ética y cuidadana /
Mención de responsabilidad, etc. Carlos A. Cullen.
250 ## - MENCIÓN DE EDICIÓN
Mención de edición 2a ed. aum.
260 ## - PUBLICACIÓN, DISTRIBUCIÓN, ETC.
Lugar de publicación, distribución, etc. Buenos Aires :
Nombre del editor, distribuidor, etc. Novedades Educativas,
Fecha de publicación, distribución, etc. 1999.
300 ## - DESCRIPCIÓN FÍSICA
Extensión 162 p.
440 #0 - MENCIÓN DE SERIE/ASIENTO SECUNDARIO--TÍTULO
Título Reflexión y debate
650 #4 - ASIENTO SECUNDARIO DE MATERIA - TERMINO TEMATICO
Término de materia o nombre geográfico como elemento de entrada Civismo
Subdivisión general Estudio y enseñanza (Secundaria)
9 (RLIN) 1512
650 #7 - ASIENTO SECUNDARIO DE MATERIA - TERMINO TEMATICO
Término de materia o nombre geográfico como elemento de entrada Ética
Subdivisión general Estudio y enseñanza (Secundaria)
Fuente del encabezamiento o término
9 (RLIN) 1511
650 #4 - ASIENTO SECUNDARIO DE MATERIA - TERMINO TEMATICO
Término de materia o nombre geográfico como elemento de entrada Educación moral
9 (RLIN) 1396
905 ## - TIPO DE MATERIAL
Tipo de material Libro
Holdings
Estado de retiro Estado de pérdida Fuente del sistema de clasificación o colocación Estado dañado No para préstamo Código de colección Localización permanente Ubicación/localización actual Ubicación en estantería Total de préstamos Clasificación Código de barras Fecha visto por última vez Número de copia Tipo de ítem Koha Fecha de adquisición Renovaciones totales Fecha del último préstamo
    Library of Congress Classification     Colección General Bib. Gregorio Torres Quintero Bib. Gregorio Torres Quintero Planta baja 14 LB1085 C8.2 1999 192487 31/12/2020 1 Libro      
    Library of Congress Classification     Colección General Bib. Gregorio Torres Quintero Bib. Gregorio Torres Quintero Planta baja 6 LB1085 C8.2 1999 192486 31/12/2020 1 Libro 12/09/2023    
    Library of Congress Classification     Colección General Bib. Gregorio Torres Quintero Bib. Gregorio Torres Quintero Planta baja 15 LB1085 C8.2 1999 196445 19/05/2023 1 Libro 31/03/2023 1 31/03/2023